| 000 | 00918nam a2200217 a 4500 | ||
|---|---|---|---|
| 001 | 57702 | ||
| 005 | 20180714054011.0 | ||
| 008 | 140415s1991 mx 000 0 spa d | ||
| 020 | _a9683904521 | ||
| 041 | _aspa | ||
| 082 |
_a320.54 _bGEL |
||
| 100 | 1 | _aGELLNER, ERNEST | |
| 245 | 1 | 0 | _aNACIONES Y NACIONALISMO |
| 250 | _a1a ed. | ||
| 260 |
_aMEXICO : _bPATRIA, _c1991 |
||
| 300 |
_a197 _c13.5 x 1.1 x 20.9 |
||
| 490 | _aLOS NOVENTA | ||
| 520 | _aCONTRARIAMENTE A LAS CREENCIAS POPULARES E INCLUSO ACADEMICAS, EL NACIONALISMO NO TIENE UNAS RAICES DEMASIADO PROFUNDAS EN LA PSICOLOGIA HUMANA. ERNEST GELLNER RECUERDA QUE LA GRAN MAYORIA DE LOS GRUPOS NACIONALES EN POTENCIA, HAN RENUNCIADO A LUCHAR PARA QUE SUS CULTURAS HOMOGENEAS DISPONGAN DEL PERIMETRO Y LA INFRAESTRUCTURA NECESARIOS PARA ALCANZAR LA INDEPENDENCIA POLITICA. | ||
| 650 | 1 | 4 | _aNACIONALISMO |
| 740 | _aNATIONS AN NATIONALISM | ||
| 999 |
_c57702 _d57702 |
||